00366cam a22000977a 4500008004000000082001700040245010100057260004800158500003700206700002500243180718b1966 xxu||||| |||| 00| 0 eng d aT2055x54 In2 aIndustrial establishments in India (list of registered factories, 1966)cby Labour Bureau, India aDelhibThe Controller of Publicationsc1966 aContents: v.5. 279p.; v.6. 416p. aIndia. Labour Bureau